Contemporary tourist behaviour: Yourself and others as tourists (Record no. 312835)

MARC details
000 -LEADER
fixed length control field 00547 a2200205 4500
005 - DATE & TIME
control field 20240621130829.0
008 - FIXED-LENGTH DATA ELEMENTS--GENERAL INFORMATION
fixed length control field 240621b |||||||| |||| 00| 0 eng d
020 ## - ISBN
International Standard Book Number 9781786391698
Price £ 46.80
040 ## - CATALOGING SOURCE
Original cataloging agency VIVEKANANDA LIBRARY
082 ## - DDC NUMBER
Classification number 338.4791
Book Number B675C(2)
100 ## - MAIN ENTRY--PERSONAL NAME
Personal name Bowen, David
245 ## - TITLE STATEMENT
Title Contemporary tourist behaviour: Yourself and others as tourists
250 ## - EDITION STATEMENT
Edition statement 2nd
260 ## - PUBLICATION, DISTRIBUTION, ETC. (IMPRINT)
Name of publisher, distributor, etc CABI
Date of publication, distribution, etc 2022
Place of publication, distribution, etc UK
300 ## - PHYSICAL DESCRIPTION
Pages x, 265
650 ## - Subject
Subject Tourism-Social Aspects
650 ## - Subject
Subject Consumer Behaviour
650 ## - Subject
Subject Tourists-Psychology
942 ## - ADDED ENTRY ELEMENTS (KOHA)
Koha item type Books
Holdings
Withdrawn status Lost status Source of classification or shelving scheme Damaged status Not for loan Location (home branch) Sublocation or collection (holding branch) Shelving location Date acquired Koha issues (times borrowed) Koha full call number Accession No. Koha date last seen Koha item type
    Dewey Decimal Classification     VIVEKANANDA LIBRARY VIVEKANANDA LIBRARY IHTM Library 13/03/2024   338.4791 B675C(2) 425048 13/03/2024 Books
© Designed and Maintained by Vivekananda Library, MDU Rohtak